[Event "EU-ch 16th"]
[Site "Jerusalem"]
[Date "2015.03.04"]
[Round "8"]
[White "Hasidovsky, Michael"]
[Black "Tifferet, Shaked"]
[Result "1/2-1/2"]
[WhiteElo "2187"]
[BlackElo "2001"]
[PlyCount "101"]
[EventDate "2015.02.24"]
[EventType "swiss"]
[EventRounds "11"]
[EventCountry "ISR"]
[SourceTitle "CBM 166"]
[Source "ChessBase"]
[SourceDate "2015.05.11"]
[SourceVersion "1"]
[SourceVersionDate "2015.05.11"]
[SourceQuality "1"]

1. Nf3 e6 2. c4 f5 3. g3 Nf6 4. Bg2 d5 5. d4 c6 6. b3 Bd6 7. 0-0 Qe7 8. Bb2 0-0 9. e3 Nbd7 10. Qc1 b6 11. Ba3 Bb7 12. Bxd6 Qxd6 13. Qa3 Ne4 14. Qxd6 Nxd6 15. Rc1 Rfc8 16. Ng5 Nf8 17. c5 bxc5 18. Rxc5 h6 19. Nf3 Nd7 20. Rc1 c5 21. dxc5 Nxc5 22. Na3 Kf7 23. Ne5+ Ke7 24. Nc2 Rc7 25. Nd4 Rac8 26. f4 Nd7 27. Nd3 Nc5 28. Bf1 Nxd3 29. Rxc7+ Rxc7 30. Bxd3 Rc3 31. Rd1 Bc8 32. Ne2 Rc7 33. Kf2 Bd7 34. Rc1 Rxc1 35. Nxc1 Kd8 36. Ke2 Kc7 37. Kd2 Nf7 38. Kc3 g5 39. Kd4 Kd6 40. Be2 Nd8 41. b4 Nc6+ 42. Kc3 gxf4 43. gxf4 e5 44. fxe5+ Nxe5 45. b5 f4 46. exf4 Ng6 47. a4 Nxf4 48. Bf3 Ne6 49. Bg4 Nc5 50. Bxd7 Nxd7 51. Nd3 1/2-1/2